| 000 | 00489nam a2200193Ia 4500 | ||
|---|---|---|---|
| 008 | 210210b2011 xxu||||| |||| 00| 0 eng d | ||
| 020 | _a9788122410143 | ||
| 041 | _aeng | ||
| 082 | _a576.163 ADAF | ||
| 100 | _aADAMS (M R) | ||
| 245 | _aFood microbiology | ||
| 260 |
_aNew Delhi _bNew Age International (P) Limited Publishers _c2011 |
||
| 300 | _axiii, 398 | ||
| 650 | _amicrobiology | ||
| 650 | _aFood | ||
| 690 | _aFood Microbiology | ||
| 700 | _aMOSS (M O) | ||
| 906 | _a068168 | ||
| 999 |
_c150526 _d150526 |
||